Trenerzy Tottenhamu - nagła śmierć - Statystyki

Ogólne statystyki
  • Ten quiz został rozwiązany 47 razy
  • Średni wynik to 7 z 15
Answers on the Grid
Answers color-coded by a green-red scale on the quiz's grid according to % correct below.
Roberto Mancini
Mauricio Pochettino
Jacques Santini
Frank Lampard
Juande Ramos
Rafael Benítez
Arsène Wenger
Nuno Espírito Santo
Roberto De Zerbi
José Mourinho
Martin Jol
Claudio Ranieri
Harry Redknapp
Mick McCarthy
Sean Dyche
Ruud Gullit
Thomas Frank
Eddie Howe
André Villas-Boas
Glenn Hoddle
Ange Postecoglou
Gerry Francis
Tim Sherwood
Julen Lopetegui
Martin O’Neill
Antonio Conte
Gary O’Neil
George Graham
Patrick Vieira
Jesse Marsch
 
Statystyki odpowiedzi
Odpowiedź % Poprawnych
Mauricio Pochettino
97%
José Mourinho
84%
Ange Postecoglou
78%
Nuno Espírito Santo
78%
Thomas Frank
66%
André Villas-Boas
59%
Antonio Conte
59%
Harry Redknapp
53%
Juande Ramos
41%
Tim Sherwood
38%
Martin Jol
34%
Glenn Hoddle
25%
Jacques Santini
16%
George Graham
9%
Gerry Francis
6%
Nie znaleziono quizów pasujących do podanych kryteriów
Rozkład punktacji
Procent ludzi z każdym wynikiem
Percentyl według liczby udzielonych odpowiedzi
Twoja historia wyników
Nie rozwiązałeś tego quizu